00410nam a2200157Ia 4500003000400000005001700004008004100021020001800062040000900080082001500089100002000104245005300124260004800177300000900225650001800234OSt20200630095332.0190216s9999||||xx |||||||||||||| ||und|| a9780198083764 coclc a934bTHA/R aThapar, Romila  0aReading In Early Indian History /cRomila Thapar bOxford University Press,c2013.aNew Delhi: a493p aAncient India